Air transport.

Bibliographic Details
New Title:Aviation week
Format: Journal
Language:English
Published: [New York] : [McGraw-Hill Publishing Company]
Subjects:

MARC

Tag First Indicator Second Indicator Subfields
LEADER 00000cas a2200000L 4500
001 in00000043898
005 20151007065022.0
008 750726d19431948nyumr p 0uuua0eng
010 |a  46005225  
035 |a (OCoLC)01478641 
035 |9 AAE1110AM 
040 |a MUL  |c MUL  |d TXA  |d UtOrBLW 
049 |a TXAE 
050 0 |a TL501  |b .A5542 
082 0 |a 629.1305 
245 0 0 |a Air transport. 
264 1 |a [New York] :  |b [McGraw-Hill Publishing Company] 
300 |a 6 volumes :  |b illustrations, maps, diagrams ;  |c 29 cm.  |a monthly. 
336 |a text  |b txt  |2 rdacontent 
337 |a unmediated  |b n  |2 rdamedia 
338 |a volume  |b nc  |2 rdacarrier 
362 0 |a v. 1-6, no. 3; Sept. 1943-Mar. 1948. 
650 0 |a Aeronautics  |v Periodicals. 
785 0 4 |t Aviation week 
999 |a MARS 
999 f f |s 08b15d20-f4c4-3b72-9c82-14bfe1169422  |i f5412882-9a7c-3088-8901-9c72adcd0381  |t 0 
952 f f |p ric  |a Texas A&M University  |b Rellis Campus  |c Joint Library Facility  |d Remote Storage  |t 0  |e TL501 .A5542  |h Library of Congress classification  |i unmediated -- volume  |k v.4  |l 1946  |m A14852090191 
952 f f |p ric  |a Texas A&M University  |b Rellis Campus  |c Joint Library Facility  |d Remote Storage  |t 0  |e TL501 .A5542  |h Library of Congress classification  |i unmediated -- volume  |k v.6:no.1-3  |l 1948:Jan.-Mar.  |m A14852090217 
952 f f |p ric  |a Texas A&M University  |b Rellis Campus  |c Joint Library Facility  |d Remote Storage  |t 0  |e TL501 .A5542  |h Library of Congress classification  |i unmediated -- volume  |k v.2  |l 1944  |m A14852090183 
952 f f |p ric  |a Texas A&M University  |b Rellis Campus  |c Joint Library Facility  |d Remote Storage  |t 0  |e TL501 .A5542  |h Library of Congress classification  |i unmediated -- volume  |k v.1:no.1-4  |l 1943:Sept.-Dec.  |m A14852090175 
952 f f |p ric  |a Texas A&M University  |b Rellis Campus  |c Joint Library Facility  |d Remote Storage  |t 0  |e TL501 .A5542  |h Library of Congress classification  |i unmediated -- volume  |k v.5  |l 1947  |m A14852090209 
952 f f |p ric  |a Texas A&M University  |b Rellis Campus  |c Joint Library Facility  |d Remote Storage  |t 0  |e TL501 .A5542  |h Library of Congress classification  |i unmediated -- volume  |k v.3  |l 1945  |m A14816947550 
998 f f |a TL501 .A5542  |s v.6:no.1-3 (1948:Jan.-Mar.)  |t 0  |l Remote Storage